000 00503nam a2200169Ia 4500
999 _c21252
_d21252
003 OSt
005 20200615100700.0
008 190216s9999||||xx |||||||||||||| ||und||
020 _a9788182471689
040 _coclc
082 _a305.420954
_bSEN/R
100 _aSen, Bimla
_92864
245 0 _aRole Of Women In Nation Building /
_cBimla Sen
260 _bAbhishek Publications,
_aChandigarh,
_c2007.
300 _a222p
942 _cBK
_2ddc
_h305.420954
_iSEN/R
_k305.420954
_mSEN/R